Statistics for First Player From Country To Win Premier League

Click here to take the quiz!

General Stats

  • This quiz has been taken 11 times
  • The average score is 5 of 15

Answer Stats

YearCountryAnswer% Correct
2015-16AlgeriaRiyad Mahrez
100%
2015-16JamaicaWes Morgan
60%
2010-11EcuadorAntonio Valencia
50%
2017-18ChileClaudio Bravo
40%
2011-12ItalyMario Balotelli
40%
1992-93RussiaAndrei Kanchelskis
30%
2011-12BelgiumVincent Kompany
30%
2001-02BrazilEdu
30%
2001-02CameroonLauren
30%
1992-93IrelandDenis Irwin
30%
2003-04GermanyJens Lehmann
20%
1994-95AustraliaRobbie Slater
10%
2003-04SpainJose Antonio Reyes
10%
1997-98AustriaAlex Manninger
0%
1997-98PortugalLuis Boa Morte
0%

Score Distribution

Percentile by Number Answered

Percent of People with Each Score

Your Score History

You have not taken this quiz